| 000 | 00520cam a2200181ua 4500 | ||
|---|---|---|---|
| 001 | 12014 | ||
| 008 | 200106n ii |||gr||||Z||||||eng | ||
| 020 | _a9788180699733 | ||
| 040 | _cMAIN | ||
| 082 | _a333.771309542 | ||
| 100 |
_a Shahab fazal . , _eAuthor. |
||
| 245 |
_aPeri Urban Livelihoods : _bopportunities and challenges / _cBy Shahab fazal . |
||
| 250 | _a1st ed. | ||
| 260 |
_aNew Delhi: _bConcept publishing company, _c2014. _c2014. |
||
| 300 | _a234p. | ||
| 653 | _aEconomics ofland & energy | ||
| 942 | _cBK | ||
| 999 |
_c10798 _d10798 |
||